000 00546nam a2200169 i 4500
001 141010
003 ES-MaACL
005 20230906200213.0
007 t|
008 070919s1965 sp ||||1| spa d
100 1 _aWilkinson, J. H.
_9116866
245 1 0 _aIntroducción al diagnóstico enzimático /
_cpor J. H. Wilkinson ; versión... de Rafael Masclans Masclans.
260 _aBarcelona :
_bToray,
_c1965.
300 _aXII, 310 p. :
_bil. ;
_c22 cm.
700 1 _aMasclans Masclans, Rafael.
_978696
852 _aES-MaACL
_jC-27807
_bR.57245
999 _c141010
_d141010